000 00422nam a22001817a 4500
003 MPLRDC
005 20220104114249.0
008 210129b ||||| |||| 00| 0 eng d
020 _a962-357-188-7
082 _a857.8 CJXS v.7
100 _a吕宙
245 _a外汇风暴
_c
260 _a
_b明窗出版社
_c1990
300 _b
490 _a财经小说系列
650 _a小说
942 _cBK
_o857.8 CJXS v.7
999 _c6130
_d6120